|
|
|
|
| LEADER |
03755nam a2200577 4500 |
| 001 |
978-3-319-95372-4 |
| 003 |
DE-He213 |
| 005 |
20191220130834.0 |
| 007 |
cr nn 008mamaa |
| 008 |
180905s2018 gw | s |||| 0|eng d |
| 020 |
|
|
|a 9783319953724
|9 978-3-319-95372-4
|
| 024 |
7 |
|
|a 10.1007/978-3-319-95372-4
|2 doi
|
| 040 |
|
|
|d GrThAP
|
| 050 |
|
4 |
|a HB1-846.8
|
| 072 |
|
7 |
|a KCA
|2 bicssc
|
| 072 |
|
7 |
|a BUS069030
|2 bisacsh
|
| 072 |
|
7 |
|a KCA
|2 thema
|
| 082 |
0 |
4 |
|a 330.1
|2 23
|
| 100 |
1 |
|
|a Georgakopoulos, Nicholas L.
|e author.
|4 aut
|4 http://id.loc.gov/vocabulary/relators/aut
|
| 245 |
1 |
0 |
|a Illustrating Finance Policy with Mathematica
|h [electronic resource] /
|c by Nicholas L. Georgakopoulos.
|
| 250 |
|
|
|a 1st ed. 2018.
|
| 264 |
|
1 |
|a Cham :
|b Springer International Publishing :
|b Imprint: Palgrave Macmillan,
|c 2018.
|
| 300 |
|
|
|a XXXV, 226 p. 55 illus.
|b online resource.
|
| 336 |
|
|
|a text
|b txt
|2 rdacontent
|
| 337 |
|
|
|a computer
|b c
|2 rdamedia
|
| 338 |
|
|
|a online resource
|b cr
|2 rdacarrier
|
| 347 |
|
|
|a text file
|b PDF
|2 rda
|
| 490 |
1 |
|
|a Quantitative Perspectives on Behavioral Economics and Finance,
|x 2662-3986
|
| 505 |
0 |
|
|a 1. The Non-Graphical Foundation: Coase and the Law's Irrelevance -- 2. Introduction to Mathematica: Hello World in Text and Graphics -- 3. The Mathematical Frontier: Trigonometry, Derivatives, Optima, Differential Equations -- 4. Money and Time -- 5. The Capital Asset Pricing Model -- 6. Options -- 7. Illustrating Statistical Data -- 8. Probability Theory: Imperfect Observations -- 9. Financial Statements and Mergers -- 10. Aversion to Risk -- 11. Financial Crisis Contagion.
|
| 520 |
|
|
|a Students in various disciplines-from law and government to business and health policy-need to understand several quantitative aspects of finance (such as the capital asset pricing model or financial options) and policy analysis (e.g., assessing the weight of probabilistic evidence) but often have little quantitative background. This book illustrates those phenomena and explains how to illustrate them using the powerful visuals that computing can produce. Of particular interest to graduate students and scholars in need of sharper quantitative methods, this book introduces the reader to Mathematica, enables readers to use Mathematica to produce their own illustrations, and places specific emphasis on finance and policy as well as the foundations of probability theory.
|
| 650 |
|
0 |
|a Economic theory.
|
| 650 |
|
0 |
|a Economics, Mathematical .
|
| 650 |
|
0 |
|a Public finance.
|
| 650 |
|
0 |
|a Law and economics.
|
| 650 |
|
0 |
|a Capital market.
|
| 650 |
|
0 |
|a Commercial law.
|
| 650 |
1 |
4 |
|a Economic Theory/Quantitative Economics/Mathematical Methods.
|0 http://scigraph.springernature.com/things/product-market-codes/W29000
|
| 650 |
2 |
4 |
|a Quantitative Finance.
|0 http://scigraph.springernature.com/things/product-market-codes/M13062
|
| 650 |
2 |
4 |
|a Financial Law/Fiscal Law.
|0 http://scigraph.springernature.com/things/product-market-codes/R17044
|
| 650 |
2 |
4 |
|a Law and Economics.
|0 http://scigraph.springernature.com/things/product-market-codes/W39000
|
| 650 |
2 |
4 |
|a Capital Markets.
|0 http://scigraph.springernature.com/things/product-market-codes/616000
|
| 650 |
2 |
4 |
|a Commercial Law.
|0 http://scigraph.springernature.com/things/product-market-codes/R12026
|
| 710 |
2 |
|
|a SpringerLink (Online service)
|
| 773 |
0 |
|
|t Springer eBooks
|
| 776 |
0 |
8 |
|i Printed edition:
|z 9783319953717
|
| 776 |
0 |
8 |
|i Printed edition:
|z 9783319953731
|
| 776 |
0 |
8 |
|i Printed edition:
|z 9783030070229
|
| 830 |
|
0 |
|a Quantitative Perspectives on Behavioral Economics and Finance,
|x 2662-3986
|
| 856 |
4 |
0 |
|u https://doi.org/10.1007/978-3-319-95372-4
|z Full Text via HEAL-Link
|
| 912 |
|
|
|a ZDB-2-ECF
|
| 950 |
|
|
|a Economics and Finance (Springer-41170)
|